| 000 | 00348nam a2200133Ia 4500 | ||
|---|---|---|---|
| 005 | 20251222154324.0 | ||
| 008 | 251222s9999||||xx |||||||||||||| ||spa|| | ||
| 020 | _a978-84-9732-390-1 | ||
| 082 | _a670.7/A88 | ||
| 100 | _a"Auria Apilluelo, José M.y otros" | ||
| 245 | 0 | _aDibujo industrial: Conjuntos y despieces | |
| 250 | _a2a.ed. | ||
| 942 | _cLIB | ||
| 999 |
_c33906 _d33906 |
||